ბათუმის შოთა რუსთაველის სახელმწიფო უნივერსიტეტის ბიბლიოთეკა

პოლიტიკა. (ბიბ.ჩანაწერი № 36712)

000 -LEADER
fixed length control field 00840nam a2200253Ia 4500
001 - CONTROL NUMBER
control field 2642
003 - CONTROL NUMBER IDENTIFIER
control field GE_BSU
008 - FIXED-LENGTH DATA ELEMENTS--GENERAL INFORMATION
fixed length control field 181216s||||||||xx |||||||||||||| ||und||
020 ## - INTERNATIONAL STANDARD BOOK NUMBER
International Standard Book Number 9789941406294
040 ## - CATALOGING SOURCE
Transcribing agency GE_BSU
080 ## - UNIVERSAL DECIMAL CLASSIFICATION NUMBER
Universal Decimal Classification number 32.001
100 ## - MAIN ENTRY--PERSONAL NAME
Personal name ჰეივუდი, ენდრიუ
245 ## - TITLE STATEMENT
Title პოლიტიკა.
245 ## - TITLE STATEMENT
Statement of responsibility, etc. მთარგმნელები:გია ჭუმბურიძე,ზაზა ჭელიძე.
250 ## - EDITION STATEMENT
Edition statement გამოც. მე–3
260 ## - PUBLICATION, DISTRIBUTION, ETC.
Place of publication, distribution, etc. თბილისი
260 ## - PUBLICATION, DISTRIBUTION, ETC.
Name of publisher, distributor, etc. საქართველოს უნ–ტი
260 ## - PUBLICATION, DISTRIBUTION, ETC.
Date of publication, distribution, etc. 2008
300 ## - PHYSICAL DESCRIPTION
Extent 577 გვ; 24სმ.ილ,
300 ## - PHYSICAL DESCRIPTION
Accompanying material პოლიტ.ცნებათა ლექსიკონი გვ.542-570
653 ## - INDEX TERM--UNCONTROLLED
Uncontrolled term პოლიტიკა
942 ## - ADDED ENTRY ELEMENTS (KOHA)
Koha item type წიგნი
ეგზემპლარები
Withdrawn status Lost status Damaged status Not for loan Date acquired Barcode Date last seen Price effective from Koha item type Public note
        2018-12-17 1041 2018-12-17 2018-12-17 წიგნი  
        2018-12-17 34736 2018-12-17 2018-12-17 წიგნი  
        2018-12-17 34737 2018-12-17 2018-12-17 წიგნი  
        2018-12-17 34738 2018-12-17 2018-12-17 წიგნი  
        2018-12-17 34739 2018-12-17 2018-12-17 წიგნი  
        2018-12-17 34740 2018-12-17 2018-12-17 წიგნი  
        2018-12-17 46686 29ლ. 2018-12-17 2018-12-17 წიგნი 29ლ.
        2018-12-17 46687 29ლ. 2018-12-17 2018-12-17 წიგნი 29ლ.